000 00410nam a22001457a 4500
999 _c8928
_d8928
003 GBCCL
005 20241126110701.0
008 220201b ||||| |||| 00| 0 eng d
040 _cgbc
082 _aMIS
_b2020
245 _aMission possible : a mission-tuailai 2020 webinar & seminar papers
260 _aDorcas hall, New Lamka:
_bTeam Antiok, MT-2020, EBC,
_c2021.
300 _a170p. ;
942 _2ddc
_cARCH